All numbers 1-100 in 60 seconds - Statistics

General Stats
  • This quiz has been taken 501 times
  • The average score is 65 of 100
Answer Stats
Answer % Correct
1
100%
2
97%
3
96%
5
95%
6
95%
4
94%
9
94%
8
93%
11
91%
7
91%
13
90%
10
89%
12
89%
14
89%
15
87%
16
87%
17
87%
19
87%
18
86%
21
86%
20
85%
22
83%
27
83%
25
82%
26
82%
28
82%
32
82%
23
81%
24
81%
30
81%
29
80%
31
79%
33
79%
34
79%
37
79%
36
78%
38
78%
39
78%
35
77%
42
77%
40
76%
41
75%
45
75%
43
74%
48
74%
44
73%
47
73%
51
72%
46
71%
49
71%
50
71%
52
68%
54
67%
56
66%
53
65%
55
63%
57
62%
59
62%
58
61%
64
60%
61
58%
62
58%
63
57%
60
56%
65
54%
66
52%
67
52%
68
49%
69
49%
71
49%
72
49%
73
49%
70
48%
74
47%
75
45%
77
44%
78
44%
76
43%
81
41%
82
41%
79
40%
84
40%
88
40%
83
39%
80
38%
87
38%
92
38%
93
38%
99
38%
85
37%
86
37%
89
37%
91
37%
98
37%
90
36%
94
36%
97
35%
100
34%
95
34%
96
34%
No matching quizzes found
Score Distribution
Percent of People with Each Score
Percentile by Number Answered
Your Score History
You have not taken this quiz